| 000 | 00813nam a22002537a 4500 | ||
|---|---|---|---|
| 003 | UA-OsUOA | ||
| 001 | 22644 | ||
| 007 | ta | ||
| 008 | 20031223b un ||||| |||| 00| 0 ukr d | ||
| 100 | _aСемиченко В.А. | ||
| 090 |
_a159.98 _bС30 |
||
| 942 | _cBK | ||
| 040 |
_aUA-OsUOA _brus _cUA-OsUOA _dUA-OsUOA |
||
| 245 |
_aПсихология социальных отношений _bМодульный курс (лекции, практические занятия, задания для самостоятельной работы для преподавателей и студентов) |
||
| 300 | _a168 с. | ||
| 955 | _a0 | ||
| 041 | _arus | ||
| 080 | _a159.98 | ||
| 020 | _a966-557-060-9 | ||
| 260 |
_aКиъв _bМагIтрS _c1999 |
||
| 044 | _aUA | ||
| 650 | 7 | _2UDC | |
| 999 |
_c308868 _d308868 |
||